000 00699nam a22002172 4500
001 0000013053
005 20151217154416.0
008 090525s xx 000 0 eng d
020 _a8131710005 :
040 _aKABU
_cKABU
100 1 _aProakis, John G.
_@0000148469
245 1 0 _aDigital signal processing /
_cJohn G. Proakis, Dimitris G. Monalakis.
250 _a4th ed.
260 _aNew Delhi :
_bDorling Kindersley (India),
_c2007.
300 _axix, 1136 p.
650 0 _aSignal processing
_xDigital techniques.
_@0000170024
700 1 _aManolakis, Dimitris G.
_@0000170147
852 1 _9p3,400 KES
908 _a090525
950 _@1
999 _c11110
_d11110